Trồng- chăm sóc & phòng trừ sâu bệnh

में बचाया:
ग्रंथसूची विवरण
मुख्य लेखक: Nguyễn, Mạnh Chinh
स्वरूप: पुस्तक
भाषा:Undetermined
प्रकाशित: Hà Nội Nông Nghiệp 2006
विषय:
टैग : टैग जोड़ें
कोई टैग नहीं, इस रिकॉर्ड को टैग करने वाले पहले व्यक्ति बनें!
Thư viện lưu trữ: Trung tâm Học liệu Trường Đại học Cần Thơ
LEADER 00609nam a2200193Ia 4500
001 CTU_104031
008 210402s9999 xx 000 0 und d
020 |c 15000 
082 |a 632.9 
082 |b Ch312/Q.16 
100 |a Nguyễn, Mạnh Chinh 
245 0 |a Trồng- chăm sóc & phòng trừ sâu bệnh 
245 0 |c Nguyễn Mạnh Chinh, Nguyễn Đăng Nghĩa 
260 |a Hà Nội 
260 |b Nông Nghiệp 
260 |c 2006 
650 |a Diseases and pests,Fruit trees,Plant protection 
904 |i M.Loan 
980 |a Trung tâm Học liệu Trường Đại học Cần Thơ